LEADER 00948nam a2200217 i 4500 001 000000222227 003 CaOOAMICUS 005 20130904000000.0 008 130904s1762 it u000 u lat u 013 $a201124 026 $ao-eo 42e- 5.n- core (3) 1762 (R) 040 $aSeMil$bita 245 10$aTomus 2. 300 $a[16], 287, [1] p. 500 $aSegn. : a8 A-S8. 773 0 $aGenovesi, Antonio <1713-1769>$tElementa metaphysicae mathematicum in morem adornata ab Antonio Genuensi in regia Neapolitana academia ethices professore ... Tomus 1. [-4.].$dVenetiis : Apud Bartholomaeum Occhi, 1762.$bEditio novissima ad postremam neapolitanam sedulo exacta, auctoris emendationibus atque additamentis ornatior.$g2$w()28772 850 $aSeMil 852 $aSeMil$W1$xVenegono$y1$m2Q II 73 FA$j172573$B172573$CSeMilBibl$Z2$F182908 $8I 941 1 $a10 961 $aRecupero: Mantegazza 996 $6245$aTomus 2$9(OLS)http://semarc/title/93022 LEADER 01084nam a2200253 i 4500 001 000000104407 003 CaOOAMICUS 005 20011121000000.0 008 011121s1969 vc u000 u lat u 013 $a76595 040 $aSeMil$bita 240 00$aBibbia. Antico Testamento. Salmi.$0(OLS)http://semarc/title/440940 245 10$aLiber Psalmorum /$cCommissio Pontificia pro Nova Vulgata Bibliorum editione. 260 $a[Cittą del Vaticano] :$bTypis Polyglottis Vaticanis,$c1969. 300 $a176 p. ;$c25 cm. 500 $aFondo card. Giovanni Colombo. 650 4$aBibbia - AT - Salmi - Traduzioni latine.$0(OLS)http://semarc/subject/4727 700 1 $aPontificia Commissione per la Neo-Vulgata.$0(OLS)http://semarc/name/470 850 $aSeMil 852 $aSeMil$W1$xVenegono$y1$mSL1.R IV 49 °$j60796$B60796$CSeMilBibl$Z2$F45218 $8I 941 1 $a3 961 $aLascito: Colombo Card. Giovanni 996 $6245$aLiber Psalmorum$9(OLS)http://semarc/title/151379 996 $6260$a[Cittą del Vaticano] :$bTypis Polyglottis Vaticanis$9(OLS)http://semarc/publisher/34811